000 00609nam a2200193Ia 4500
003 GCL
008 140319s9999 xx 000 0 ara d
040 _aGCL /
_cGCL
082 0 4 _aق
_b962.065
_bج م
100 1 _aجمال الغيطانى
245 1 0 _aالمصريون والحرب /
_cجمال الغيطانى
300 _a262 ص
490 _aكتاب روزاليوسف
_v0
650 0 4 _aحرب يونيو 1967 - مصر
650 0 4 _aحرب اكتوبر 1973
650 0 4 _aجمال عبدالناصر
650 0 4 _aمصر - تاريخ - العصر الحديث (1805 - 1956 )
942 _2ddc
_cBK
999 _c50816
_d50816